[Event "Korcsoportos Bajnokság u18f"]
[Site "Balatonlelle"]
[Date "2015.06.24"]
[Round "7.4"]
[White "Egri, Laszlo Jr"]
[Black "Benedeczky, Lehel"]
[Result "1-0"]
[WhiteElo "2161"]
[BlackElo "2105"]
[PlyCount "79"]
[EventDate "2015.06.18"]
[EventType "swiss"]
[EventRounds "7"]
[EventCountry "HUN"]
[WhiteClock "0:41:33"]
[BlackClock "0:12:07"]

1. d4 d5 2. c4 c6 3. cxd5 cxd5 4. Nc3 Nf6 5. Bf4 e6 6. e3 a6 7. Bd3 Nc6 8. Rc1
Bd6 9. Bxd6 Qxd6 10. f4 Bd7 11. Nf3 Rc8 12. Ne5 O-O 13. O-O Be8 14. Qe1 Ne7 15.
Qh4 Ng6 16. Bxg6 hxg6 17. Ne4 Qd8 18. Nxf6+ gxf6 19. Rxc8 Qxc8 20. Qxf6 Bb5 21.
Re1 Qc2 22. h4 Be2 23. h5 Bxh5 24. g4 Qd2 25. Nf3 Qxb2 26. gxh5 gxh5 27. Qg5+
Kh7 28. Qxh5+ Kg7 29. Qg4+ Kh8 30. Qh3+ Kg7 31. Qg2+ Qxg2+ 32. Kxg2 Rc8 33. Re2
Rc3 34. Kf2 b5 35. Nd2 Kg6 36. Nb3 Kf5 37. Kf3 Rc4 38. Nc5 a5 39. Nb7 Ra4 40.
Nd6+ 1-0

[Event "Korcsoportos Bajnokság u18f"]
[Site "Balatonlelle"]
[Date "2015.06.24"]
[Round "7.5"]
[White "Orosz, Andras"]
[Black "Laza, Szabolcs"]
[Result "1-0"]
[WhiteElo "2310"]
[BlackElo "2156"]
[PlyCount "119"]
[EventDate "2015.06.18"]
[EventType "swiss"]
[EventRounds "7"]
[EventCountry "HUN"]
[WhiteClock "0:01:15"]
[BlackClock "0:10:08"]

1. d4 d5 2. c4 c6 3. Nf3 Nf6 4. Nc3 e6 5. cxd5 exd5 6. Bg5 Be7 7. e3 O-O 8. Bd3
Nbd7 9. Qc2 Re8 10. O-O h6 11. Bf4 Nh5 12. Nxd5 Nxf4 13. Nxf4 Nf6 14. Bf5 Bd6
15. Ne2 Qa5 16. Bxc8 Raxc8 17. a3 Qd5 18. Nc3 Qh5 19. Rac1 Rcd8 20. h3 Qa5 21.
Qa4 Qb6 22. Nd2 Bb8 23. b4 a6 24. Qb3 Re6 25. Nf3 Qc7 26. Rfd1 Qe7 27. Re1 Rd7
28. Na4 Ba7 29. Nc5 Bxc5 30. Rxc5 Ne4 31. Rc2 Rd8 32. Rec1 Qf6 33. a4 Rd5 34.
Ne5 Qh4 35. f3 Ng5 36. f4 Ne4 37. Qd3 Nf6 38. Qf5 Qg3 39. Rc3 g6 40. Qc2 Qh4
41. Rf1 Re7 42. Kh2 Nh5 43. Rf3 Qe1 44. Rb3 Ng7 45. g3 Nf5 46. Rb1 Nxe3 47. Qd3
Qxb1 48. Qxb1 Nf5 49. Rd3 Re8 50. Qb3 Red8 51. g4 Nd6 52. Nc4 Ne4 53. Ne5 Nd6
54. Kg2 Kg7 55. Re3 Ne8 56. Nf3 Nc7 57. Re7 R8d7 58. Rxd7 Rxd7 59. Ne5 Rd5 60.
f5 1-0

[Event "Korcsoportos Bajnokság u18f"]
[Site "Balatonlelle"]
[Date "2015.06.24"]
[Round "7.6"]
[White "Kiss, Peter"]
[Black "Berta, Sandor"]
[Result "1/2-1/2"]
[WhiteElo "2004"]
[BlackElo "2217"]
[PlyCount "119"]
[EventDate "2015.06.18"]
[EventType "swiss"]
[EventRounds "7"]
[EventCountry "HUN"]

1. c4 g6 2. Nc3 Bg7 3. g3 c5 4. Bg2 Nc6 5. Nf3 Nh6 6. O-O Nf5 7. d3 O-O 8. Bd2
Rb8 9. Rb1 a6 10. a4 d6 11. e3 Bd7 12. Ne2 b5 13. axb5 axb5 14. b3 Qb6 15. Qc2
b4 16. Bc1 Ra8 17. Bb2 Bxb2 18. Qxb2 Ra3 19. Nc1 Qa7 20. Ne1 Rb8 21. Nc2 Ra5
22. Rd1 e5 23. Bd5 Rb6 24. Bg2 Be6 25. Ne2 Ra2 26. Qc1 Rba6 27. Qd2 Bd7 28. Nc1
R2a5 29. Bd5 Be6 30. Bg2 Kg7 31. Qe1 Nfe7 32. f4 d5 33. Qf2 Qd7 34. Rd2 Ra8 35.
fxe5 Nxe5 36. d4 Ng4 37. Qf4 Bf5 38. e4 dxe4 39. dxc5 Qc6 40. h3 Qxc5+ 41. Kh1
Nf6 42. Ne3 Nh5 43. Qf2 Qe5 44. g4 Ng3+ 45. Kg1 Bc8 46. c5 Ba6 47. Rc2 Rd8 48.
Rbb2 f5 49. gxf5 gxf5 50. Ra2 Rxa2 51. Rxa2 f4 52. Ng4 Rd1+ 53. Kh2 Qf5 54.
Rxa6 Rxc1 55. Rf6 Qxc5 56. Qxc5 Rxc5 57. Rxf4 Ngf5 58. Rxe4 Rb5 59. Bf1 Rb6 60.
Ne3 1/2-1/2

[Event "Korcsoportos Bajnokság u18f"]
[Site "Balatonlelle"]
[Date "2015.06.24"]
[Round "7.8"]
[White "Csendi, Balazs"]
[Black "Marton, Benedek"]
[Result "0-1"]
[WhiteElo "1907"]
[BlackElo "1514"]
[PlyCount "72"]
[EventDate "2015.06.18"]
[EventType "swiss"]
[EventRounds "7"]
[EventCountry "HUN"]
[WhiteClock "0:27:34"]
[BlackClock "0:05:12"]

1. e4 e6 2. d4 d5 3. Nc3 Bb4 4. e5 c5 5. a3 Bxc3+ 6. bxc3 Ne7 7. Qg4 O-O 8. Nf3
f5 9. Qh3 Qc7 10. Kd1 Bd7 11. g4 cxd4 12. cxd4 Qc3 13. Bd3 Ba4 14. Ng5 h6 15.
Nxe6 Bxc2+ 16. Ke2 Bxd3+ 17. Qxd3 Qxa1 18. Nxf8 Kxf8 19. gxf5 Nbc6 20. Rd1 Qa2+
21. Ke1 Re8 22. f6 gxf6 23. Qh7 Ng8 24. Bxh6+ Nxh6 25. Qxh6+ Kf7 26. Qxf6+ Kg8
27. Qg6+ Kf8 28. Rd3 Qb1+ 29. Ke2 Nxd4+ 30. Ke3 Rxe5+ 31. Kxd4 Re4+ 32. Kc5
Rc4+ 33. Kxd5 Qb5+ 34. Ke6 Rc6+ 35. Rd6 Rxd6+ 36. Kxd6 Qc6+ 0-1

[Event "Korcsoportos Bajnokság u18f"]
[Site "Balatonlelle"]
[Date "2015.06.24"]
[Round "7.9"]
[White "Majnay, Peter"]
[Black "Varga, Richard"]
[Result "0-1"]
[WhiteElo "1757"]
[BlackElo "2097"]
[PlyCount "48"]
[EventDate "2015.06.18"]
[EventType "swiss"]
[EventRounds "7"]
[EventCountry "HUN"]
[WhiteClock "1:07:29"]
[BlackClock "1:01:02"]

1. e4 c5 2. Nc3 Nc6 3. g3 g6 4. Bg2 Bg7 5. d3 d6 6. f4 e6 7. Nf3 Nd4 8. Be3 Ne7
9. O-O O-O 10. Rb1 f5 11. Ne2 e5 12. c3 Nxf3+ 13. Bxf3 Be6 14. b3 Qc7 15. d4
cxd4 16. cxd4 fxe4 17. Bxe4 d5 18. Bg2 Nf5 19. Qd2 e4 20. h3 h5 21. Rbc1 Qb6
22. Rc2 Qa6 23. Kf2 Qd3 24. Rd1 Nxe3 0-1